| 000 | 00666nam a22002057a 4500 | ||
|---|---|---|---|
| 999 |
_c14352 _d14352 |
||
| 003 | AR-CdUCM | ||
| 008 | 190422b ||||| |||| 00| 0 spa d | ||
| 020 | _a978-607-618-039-6 | ||
| 040 |
_aMUNICIPALIDAD PROVINCIAL DEL CUSCO _cBIBLIOTECA MUNICIPAL DEL CUSCO |
||
| 082 |
_aPI / 598 / _bP66 |
||
| 100 |
_aPledger, Maurice _925658 |
||
| 245 |
_aDinosaurios : _buna aventura para tocar y sentir / |
||
| 260 |
_aMéxico : _bAdvanced marketing, _c2013. |
||
| 300 |
_a14 paginas ; _bIlustraciones plegables, _c21 cm. |
||
| 650 |
_aDinosaurios _933093 |
||
| 650 |
_aToca y aprende _933094 |
||
| 650 |
_aNiños _99390 |
||
| 942 |
_2ddc _cLIBROS |
||
| 945 |
_awnts _d2019-04-22 |
||